| 000 | 00429nam a2200205Ia 4500 | ||
|---|---|---|---|
| 001 | 110595 | ||
| 003 | YMCAF | ||
| 005 | 20230512162422.0 | ||
| 008 | 100717s1995 ||||||||||||||||| ||und|d | ||
| 024 | _a110595 | ||
| 035 | _aWB1582 | ||
| 040 |
_aYMCAF _beng _cIN-KoLT |
||
| 041 | _aeng | ||
| 082 | _a671.THO | ||
| 100 | _aThomas, A | ||
| 245 | 0 | _aForging methods | |
| 260 |
_bDFRA _c1995 |
||
| 300 | _a7-4 | ||
| 942 |
_2ddc _cBK |
||
| 999 |
_c11896 _d11896 |
||